000 00494cam a2200205ua 4500
001 7136
005 20260515114147.0
008 141126n ii |||gr||||Z||||||eng
020 _a8176253170
040 _cMAIN
041 _aeng
082 _a370
100 _aSahu, B.,
_eAuthor.
245 1 _aThe new educational philosophy
_cBy Bhagirathi Sahu
250 _a1st.
260 _aNew Delhi:
_bSaruo & sons,
_c2011.
300 _aix,406p.
653 _aPhilosophy of education
942 _cBK
999 _c6257
_d6257